01550nam a2200433 i 450000100060000000300090000600500170001500800410003202000150007302000150008804000360010304600090013908000110014808000150015908000150017408000110018908000130020024501800021326001030039330000360049633600270053233700540055933800280061338000160064138000230065738800140068038800140069450400350070865800280074365000180077165000230078965000410081265000160085365000240086965500290089370000470092270000490096985600980101829199KOSZ 00520191016080513.0950505s1989 us f |100 0 eng d a1853120235 a1853120359 cKOSZ 005aKOSZ 005dKOSZ 005/HR k1989 a621.01 a624.01/.07 a519.61/.64 a519.86 a539.3/.6 0aComputer aided optimum design of structures :bapplications : proceedings of the first International Conference, Southampton, UK, June 1989 /ceds C. A. Brebbia, S. Hernandez. aSouthampton ;aBoston ;bComputational Mechanics Publications ;aBerlin [etc.] ;bSpringer,c1989.3 a346 s. :brys., wykr. ;c24 cm. 2rdacontentaTekstbtxt 2rdamediaaBez urządzenia pośredniczącegobn 2rdacarrieraWoluminbnc aKsiążki aPublikacje naukowe a1901-2000 a1989-2000 aBibliografia przy artykułach. aInżynieria i technika 4aOptymalizacja 4aAnaliza numeryczna 4aProjektowanie wspomagane komputerowo 4aKonstrukcje 4aMechanika stosowana 4aMateriały konferencyjne1 aHernández, Santiagod(1951- ).eRedakcja1 aBrebbia, Carlos Albertod(1938- ).eRedakcja uhttp://koha.tu.koszalin.pl/cgi-bin/koha/opac-detail.pl?biblionumber=29199yKatalog online BPK